01429cam a2200337 a 45000010009000000050017000090080041000260100017000670200028000840200031001120400018001430500025001610820021001862450121002072500019003282600040003473000041003875040051004286500034004796500027005136500035005406530021005756500034005967000026006308560081006568560106007378560091008439420012009349990017009469520128009631396295720161221174609.0050512s2005 gw a b 001 0 eng  a 2005275450 a3527405429 (alk. paper) a9783527405428 (alk. paper) aDLCcDLCdDLC00aTK7874.8b.N362 200500a621.381222bNAN00aNanoelectronics and Information Technology :bAdvanced Electronic Materials and Novel Devices /cRainer Waser (ed.). a2nd, corr. ed. aWeinheim :bWiley-VCH, 2005cc2005. a995 p. :bill. (some col.) ;c29 cm. aIncludes bibliographical references and index. 0aMolecular electronics.927574 0aNanotechnology.927575 0aInformation technology.927576 bGencOctober2011 0927577aElectronicsxMaterials1 aWaser, Rainer.927578413Table of contents onlyuhttp://www.loc.gov/catdir/toc/fy0605/2005275450.html423Contributor biographical informationuhttp://www.loc.gov/catdir/enhancements/fy0626/2005275450-b.html423Publisher descriptionuhttp://www.loc.gov/catdir/enhancements/fy0626/2005275450-d.html 2ddccBB c16153d16153 00102ddc40708sorazbkaMAINbMAINc1STd2011-10-25epurchaseg160.00l0o621.381 NANp000025475r2025-07-15 00:00:00yBB